|
|
|
|
| LEADER |
00000nam a22000005a 4500 |
| 001 |
15034 |
| 003 |
CL-ChBUA |
| 005 |
20120815103538.0 |
| 008 |
070301s2001 xxu 000 0 spa |
| 020 |
|
|
|a 0825415306
|
| 040 |
|
|
|a CL-ChBUA
|c CL-ChBUA
|
| 082 |
0 |
0 |
|a 248.4
|
| 090 |
|
|
|c 15034
|d 15034
|
| 100 |
1 |
|
|a MacArthur, John F.
|
| 245 |
1 |
0 |
|a Avergonzados del evangelio
|
| 260 |
|
|
|b Portavoz.
|a Grand Rapids.
|c 2001.
|
| 300 |
|
|
|a 286 p.
|c 22 cm.
|
| 504 |
|
|
|a Indice.
|
| 650 |
|
4 |
|a VIDA CRISTIANA.
|
| 942 |
|
|
|c LIB
|
| 952 |
|
|
|0 0
|1 0
|4 0
|7 0
|9 21047
|a UNACH
|b UNACH
|c 200
|d 2007-03-05
|i 34.647.
|l 0
|o 248.4 / M 115a
|p 22046
|r 2012-12-27 00:00:00
|u 21047
|w 2012-08-08
|y LIB
|k 248.4 / M 115a
|
| 999 |
|
|
|c 15034
|d 15034
|